Statistics for World Cup 2014 teams with foreign coaches

Click here to take the quiz!

General Stats

  • This quiz has been taken 173 times
  • The average score is 23 of 28

Answer Stats

Answer% Correct
Alberto Zaccheroni (Italy)
95%
Fabio Capello (Italy)
95%
Juergen Klinsmann (Germany)
94%
Ottmar Hitzfeld (Germany)
94%
Volker Finke (Germany)
94%
USA
92%
Jorge Sampaoli (Argentina)
91%
Jose Pekerman (Argentina)
91%
Chile
88%
Colombia
87%
Jorge Luis Pinto (Colombia)
87%
Luis Suarez (Colombia)
87%
Reinaldo Rueda (Colombia)
87%
Russia
85%
Sabri Lamouchi (France)
85%
Japan
84%
Costa Rica
83%
Cameroon
81%
Carlos Queiroz (Portugal)
81%
Fernando Santos (Portugal)
81%
Switzerland
80%
Honduras
77%
Algeria
76%
Iran
72%
Côte d'Ivoire
70%
Greece
68%
Ecuador
67%
Vahid Halilhodzic (Bosnia and Herzigovina)
65%

Score Distribution

Percentile by Number Answered

Percent of People with Each Score

Your Score History

You have not taken this quiz